| 000 | 01141cam a2200313 a 4500 | ||
|---|---|---|---|
| 001 | 598 | ||
| 005 | 20250808143727.0 | ||
| 020 | _a037580269X (trade ) | ||
| 020 | _a0375902694 (lib. bdg.) | ||
| 040 |
_aDLC _cDLC _dDLC _beng |
||
| 050 | 0 | 0 |
_aPZ7.R8139 _bNk 2001 |
| 082 | 0 | 0 |
_a[Fic] _221 |
| 100 | 1 |
_aRoy, Ron, _d1940- |
|
| 245 | 1 | 4 |
_aThe ninth nugget / _cby Ron Roy ; illustrated by John Steven Gurney. |
| 260 |
_aNew York : _bScholastic, _c2001. |
||
| 300 |
_a86 pages : _billustrations ; _c21 cm. |
||
| 490 | 1 | _aA to Z mysteries | |
| 500 | _a"A stepping stone book." | ||
| 505 | _aK | ||
| 520 | _aWhen Dink, Josh, and Ruth Rose visit a dude ranch in Montana, they find themselves with another mystery to solve, this one involving the theft of money from the ranch's safe and of a large gold nugget that Josh had found. | ||
| 521 |
_a610
_bLexile |
||
| 521 |
_aK
_bRaz-Plus |
||
| 650 | 1 |
_aDude ranches _vFiction. |
|
| 650 | 1 |
_aRobbers and outlaws _vFiction. |
|
| 650 | 1 | _aMystery and detective stories. | |
| 700 | 1 |
_aGurney, John Steven, _d1962- _eill. |
|
| 906 |
_a7 _bcbc _corignew _d1 _eocip _f20 _gy-gencatlg |
||
| 942 |
_2ddc _cBK _n0 |
||
| 999 |
_c598 _d598 |
||